| 000 | 01170nam a2200253Ia 4500 | ||
|---|---|---|---|
| 003 | Ost | ||
| 005 | 20260507075408.0 | ||
| 008 | 260507s9999||||xx |||||||||||||| ||und|| | ||
| 020 | _a4065410977 | ||
| 040 | _cfsecg | ||
| 041 | _aara | ||
| 082 | _a330 | ||
| 100 |
_aالحصري، طارق فاروق _eمؤلف |
||
| 245 | 0 |
_aالتحليل الإقتصادي الكلي : _bنظرة معاصرة / _c طارق فاروق الحصري |
|
| 260 |
_aالإسكندرية: _bالمكتبة العصرية, _c2007 |
||
| 300 |
_a238 صفحة؛ _bإيضاحات ؛ _c23 سم |
||
| 504 | _aالمراجع ص.216 | ||
| 520 | _aيضم ماهية علم الإقتصاد، تدفقات النشاط الإقتصادي الكلي، توازن الدخل القومي الإنتاجي، برامج الإصلاح الإقتصادي في مصر ظاهرة التضخم، ظاهرة البطالة ، ظاهرة التفاوت في توزيع الدخل | ||
| 653 | _aالإقتصاد الكلي | ||
| 653 | _aالتحليل الإقتصادي | ||
| 653 | _aالتخطيط الإقتصادي | ||
| 653 | _aمصر- التخطيط الإقتصادي | ||
| 942 | _cكتاب | ||
| 999 |
_c44342 _d44342 |
||